| 000 | 00334nam a22001217a 4500 | ||
|---|---|---|---|
| 999 |
_c5302 _d5302 |
||
| 008 | 250903b ||||| |||| 00| 0 eng d | ||
| 020 | _a9781339012179 | ||
| 082 | _a823.087 ALE | ||
| 100 |
_aALEXANDER,K.R _eAUTHOR _lENGLISH |
||
| 245 | _aDEAD GIRL'S DIARY | ||
| 260 |
_a557 BROADWAY,NEW YORK,NY 10012 _bSCHOLASTIC INC _c2024 |
||
| 942 | _2ddc | ||